Statistiques concernant Préjugés sur les Russes

Cliquez ici pour prendre le quiz!

Statistiques générales

  • Ce quiz a été pris 374 fois
  • Le résultat moyen est 7 sur 10

Statistiques - réponses

IndicesRéponses% Correct
Les Russes ne boiraient que de cette boisson fortement alcoolisée.Vodka
98%
En Russie, il ferait toujours extrêmement...Froid
97%
Toutes les Russes seraient grandes et auraient les cheveux...Blonds
89%
Politiquement parlant, tous les Russes seraient...Communistes
79%
De ce fait, tous les Russes porteraient une ... sur la tête...Chapka
77%
Le gouvernement russe en aurait envoyé dans tous les pays et dans toutes les grandes entreprises du monde.Espions
71%
Presque tous les Russes appartiendraient à l'une de ces organisations secrètes illicites.Mafias
55%
Les magasins russes seraient toujours...Vides
48%
Entre eux, les Russes s'appelleraient toujours...Camarade
45%
...et des ... aux pieds.Valenkis
10%

Distribution des résultats

Percentile par nombre de réponses

% des personnes avec chaque résultat

Votre développement - résultats

Vous n’avez pas pris ce quiz